El grito silencioso /

Guardado en:
Autor Principal: Nathanson, B.
Formato: Deslizar
Materias:
Etiquetas: Agregar Etiqueta
Sin Etiquetas, Sea el primero en etiquetar este registro!
LEADER 00956ngm a22002895g 4500
001 CEM.cems021965
008 130507b1993##################0###0#####d
005 20240923170008.0
245 1 0 |a El grito silencioso /  |c B. Nathanson. 
300 |a 30'. 
500 |a En soporte VHS, consultar en ventanilla. 
505 0 |a Fetología. Ecografías. El aborto. La vida intrauterina. La evolución del feto. Métodos abortivos. Instrumental. Ecografía de un aborto. 
538 |a Soporte: VHS - Norma: Pal N - Color - Grabación DRD 1993 - Hitachi=4050 
100 1 |a Nathanson, B. 
082 6 1 |. 6/TER 
653 |a FISIOLOGIA 
653 |a EDUCACION SEXUAL 
653 |a EMBARAZO 
653 |a ABORTO 
653 |a ECOGRAFIA 
653 |a ANATOMIA 
653 |a SEXUALIDAD 
653 |a FETOLOGIA 
653 |a VIDA INTRAUTERINA 
653 |a FETO 
653 |a NIVEL SECUNDARIO 
859 |a CEMS  |b BIB. CEMS - Depto. Recursos Didacticos  |h 612.6  |i TER  |k DRD  |p 608.12  |t Ej.1